• 首页
  • 本馆介绍
  • 公告通知
  • 最新文献
  • 馆藏检索
  • 电子资源
  • 读者导购
  • 参考咨询
  • 我的图书馆
  • 登录
  • 详细信息显示
  • 放入我的书架
  • 预约/预借图书
  • 作者相关作品
  • 分类相关作品
  • 丛书相关作品
  • 出版社相关作品

书目信息

  • 表格格式
  • 工作单格式
  • 卡片格式
题名:
网络新闻编辑
    
 
作者: 邓炘炘 著
分册:  
出版信息: 北京   中国广播电视出版社  2005
页数: 358页
开本: 26cm
丛书名:
单 册:
中图分类: G213
科图分类:
主题词: 互连网络--新闻编辑--教材 , 互连网络 , 新闻编辑
电子资源:
ISBN: 7-5043-4521-0
000 00787nam0 2200253 450
001 002959158
005 20061101105816.43
010    @a7-5043-4521-0@dCNY48.00
100    @a20050815d2005 em y0chiy0110 ea
101 0  @achi
102    @aCN@b110000
105    @aa z 000yy
200 1  @a网络新闻编辑@9wang luo xin wen bian ji@f邓炘炘著
210    @a北京@c中国广播电视出版社@d2005
215    @a358页@c图@d26cm
300    @a新世纪广播电视新闻学系列教程
330    @a本书内容包括:了解互联网络、认识信息社会、反思新闻传播、全能的网络新闻编辑、网络新闻标题、网络新闻文稿编改等。
606 0  @a互连网络@x新闻编辑@j教材
606 0  @a互连网络
606 0  @a新闻编辑
690    @aG213@v4
701  0 @a邓炘炘@9deng xin xin@4著
801  0 @aCN@bNLC@c20061101
905    @a10447@dG213@e181
    
    网络新闻编辑/邓炘炘著.-北京:中国广播电视出版社,2005
    358页:图;26cm
    新世纪广播电视新闻学系列教程
    
    ISBN 7-5043-4521-0:CNY48.00
    本书内容包括:了解互联网络、认识信息社会、反思新闻传播、全能的网络新闻编辑、网络新闻标题、网络新闻文稿编改等。
●
相关链接 在E读中查询图书 在五车中查询图书 在当当中查询图书 在豆瓣中查询图书


正题名:网络新闻编辑     索取号:G213/181         预约/预借

序号 登录号 条形码 馆藏地/架位号 状态 备注
1 0387055   203870551   第一样本阅览室/ [索取号:G213/181] 在馆    
2 0387056   203870560   第四借阅区/ [索取号:G213/181] 在馆    
3 0387057   203870579   第四借阅区/ [索取号:G213/181] 在馆    
4 0387058   203870588   第四借阅区/ [索取号:G213/181] 在馆    
5 0387059   203870597   第四借阅区/ [索取号:G213/181] 在馆    
唐山师范学院图书馆 欢迎您!
大连网信软件有限公司© 版权所有